000 00481nam a2200193Ia 4500
003 OSt
005 20250827142755.0
008 230312s9999||||xx |||||||||||||| ||und||
020 _a978-969-494-809-6
040 _aabc
082 _a615
_bLAI-G
100 _aLaiq Hussain Siddiqui
245 0 _aGeneral Anatomy /
_cLaiq Hussain Siddiqui
250 _a3rd ed.
260 _bParamount
_aPakistan
_c2014
300 _a146
650 _aMedical
_vAnatomy
942 _cBK
_2ddc
_e3rd ed.
999 _c10236
_d10236